[Event "4NCL chT 1995/96 3rd"]
[Site "Various"]
[Date "1996.04.28"]
[Round "10.24"]
[White "Cafferty, Bernard"]
[Black "McMichael, Richard"]
[Result "1/2-1/2"]
[WhiteElo "2240"]
[BlackElo "2250"]
[PlyCount "120"]
[EventDate "1995.11.25"]
[EventType "team-tourn"]
[EventRounds "13"]
[EventCountry "GBR"]
[SourceTitle "BritBase"]
[Source "britbase.info"]
[SourceDate "2021.07.30"]
[SourceVersion "1"]
[SourceVersionDate "2021.07.30"]
[SourceQuality "1"]
[WhiteTeam "British Chess Magazine"]
[BlackTeam "Na Fianna"]
[WhiteTeamCountry "ENG"]
[BlackTeamCountry "ENG"]

1. Nf3 f5 2. g3 Nf6 3. Bg2 d6 4. d4 e6 5. O-O Be7 6. c4 O-O 7. Nc3 c6 8. Re1 d5
9. b3 Bd7 10. Qc2 Be8 11. a4 Na6 12. Bb2 Bh5 13. Ne5 Nd7 14. Nd3 Bf6 15. cxd5
exd5 16. e3 g5 17. b4 Nc7 18. b5 Be7 19. Ba3 Bxa3 20. Rxa3 Ne6 21. Qa2 Qf6 22.
Rb3 f4 23. bxc6 bxc6 24. Rb7 Rf7 25. Nb4 f3 26. Bf1 Nd8 27. Rc7 Qd6 28. Nbxd5
cxd5 29. Nxd5 Kg7 30. Rec1 Nb6 31. R7c5 h6 32. Nc3 Re7 33. Nb5 Qf6 34. Nc7 Bf7
35. Qa3 Rb8 36. Bh3 Nb7 37. Rf5 Qd6 38. Qc3 Rc8 39. Rxg5+ hxg5 40. Bxc8 Nxc8
41. Nb5 Qh6 42. Qxc8 Be6 43. Qc6 g4 44. h4 gxh3 45. Kh2 Qg5 46. Qxf3 Rf7 47.
Rc7 Nd8 48. Rxa7 Rxa7 49. Nxa7 Nf7 50. Qf4 Qd5 51. e4 Qxd4 52. Nb5 Qd1 53. Nc7
Bc4 54. Nd5 Bxd5 55. exd5 Qxd5 56. Kxh3 Qh1+ 57. Kg4 Nh6+ 58. Kg5 Qd5+ 59. Kh4
Qh1+ 60. Kg5 Qd5+ 1/2-1/2

[Event "4NCL chT 1995/96 3rd"]
[Site "Various"]
[Date "1996.04.28"]
[Round "10.25"]
[White "Wallace, Paul Anthony"]
[Black "Giddins, Stephen W"]
[Result "0-1"]
[WhiteElo "2205"]
[BlackElo "2370"]
[PlyCount "80"]
[EventDate "1995.11.25"]
[EventType "team-tourn"]
[EventRounds "13"]
[EventCountry "GBR"]
[SourceTitle "BritBase"]
[Source "britbase.info"]
[SourceDate "2021.07.30"]
[SourceVersion "1"]
[SourceVersionDate "2021.07.30"]
[SourceQuality "1"]
[WhiteTeam "Na Fianna"]
[BlackTeam "British Chess Magazine"]
[WhiteTeamCountry "ENG"]
[BlackTeamCountry "ENG"]

1. e4 e6 2. d4 d5 3. Nd2 Nf6 4. e5 Nfd7 5. Bd3 c5 6. c3 Nc6 7. Ne2 cxd4 8. cxd4
f6 9. exf6 Qxf6 10. Nf3 h6 11. O-O Bd6 12. Nc3 O-O 13. a3 Rd8 14. Bc2 Nf8 15.
b4 Bd7 16. Re1 Rac8 17. Bb2 Be8 18. b5 Na5 19. Ne5 Nc4 20. Nxc4 Rxc4 21. Ne2
Bg6 22. Bb3 Rc7 23. Ng3 Bf4 24. Nf1 Rdc8 25. Ne3 Be4 26. f3 Bg6 27. Rc1 Rxc1
28. Bxc1 Rc3 29. Ng4 Qg5 30. Bxf4 Qxf4 31. Ne5 Bf5 32. g3 Qg5 33. f4 Qe7 34. g4
Be4 35. f5 Qxa3 36. fxe6 Nxe6 37. Rxe4 Rc1 38. Re1 Rxd1 39. Bxd1 Qb2 40. Nf3
Nf4 0-1

[Event "4NCL chT 1995/96 3rd"]
[Site "Various"]
[Date "1996.04.28"]
[Round "10.26"]
[White "Bellin, Jana"]
[Black "Connolly, Suzanne"]
[Result "1-0"]
[WhiteElo "2195"]
[BlackElo "2005"]
[PlyCount "77"]
[EventDate "1995.11.25"]
[EventType "team-tourn"]
[EventRounds "13"]
[EventCountry "GBR"]
[SourceTitle "BritBase"]
[Source "britbase.info"]
[SourceDate "2021.07.30"]
[SourceVersion "1"]
[SourceVersionDate "2021.07.30"]
[SourceQuality "1"]
[WhiteTeam "British Chess Magazine"]
[BlackTeam "Na Fianna"]
[WhiteTeamCountry "ENG"]
[BlackTeamCountry "ENG"]

1. d4 d5 2. c4 e6 3. Nc3 Nf6 4. cxd5 exd5 5. Bg5 Be7 6. e3 c6 7. Bd3 Nbd7 8.
Qc2 Nf8 9. Nf3 h6 10. Bh4 Ne6 11. Ne5 Nd7 12. Bg3 Nxe5 13. Bxe5 Bd6 14. Bg3
Bxg3 15. hxg3 Qd6 16. O-O-O Bd7 17. Kb1 a6 18. Na4 b5 19. Nc5 Nxc5 20. dxc5 Qf6
21. e4 O-O-O 22. exd5 cxd5 23. Rh4 g5 24. Rhh1 Rhe8 25. Rc1 Re6 26. Rhd1 Rc6
27. b4 Be6 28. a4 bxa4 29. Qxa4 Bf5 30. Qc2 Bxd3 31. Rxd3 Rd7 32. Rf3 Qe5 33.
Qb2 Qe4+ 34. Ka2 d4 35. Rd1 f5 36. Rfd3 Qxg2 37. Rxd4 Rxd4 38. Qxd4 Qf3 39.
Qd8+ 1-0

[Event "4NCL chT 1995/96 3rd"]
[Site "Various"]
[Date "1996.04.28"]
[Round "10.27"]
[White "O'Siochru, Mairead Maura"]
[Black "Anderton, David William"]
[Result "1/2-1/2"]
[WhiteElo "2045"]
[BlackElo "2195"]
[PlyCount "133"]
[EventDate "1995.11.25"]
[EventType "team-tourn"]
[EventRounds "13"]
[EventCountry "GBR"]
[SourceTitle "BritBase"]
[Source "britbase.info"]
[SourceDate "2021.07.30"]
[SourceVersion "1"]
[SourceVersionDate "2021.07.30"]
[SourceQuality "1"]
[WhiteTeam "Na Fianna"]
[BlackTeam "British Chess Magazine"]
[WhiteTeamCountry "ENG"]
[BlackTeamCountry "ENG"]

1. c4 f5 2. Nc3 Nf6 3. g3 g6 4. Bg2 Bg7 5. Nf3 d6 6. d3 O-O 7. O-O e5 8. Rb1
Nc6 9. Nd5 h6 10. Ne1 g5 11. Nc2 f4 12. b4 Ne7 13. Nxf6+ Rxf6 14. d4 Qf8 15.
Bb2 Ng6 16. dxe5 dxe5 17. Qd5+ Kh8 18. c5 c6 19. Qd2 Be6 20. Rbd1 a5 21. a3
axb4 22. axb4 Ra2 23. Qc3 Ra8 24. Rd6 Re8 25. Qd2 Rf7 26. Be4 Rf6 27. Qd3 Qf7
28. Ne1 Bf8 29. Bxg6 Rxg6 30. Rd8 Bg7 31. Nf3 Kh7 32. Rd1 Bf5 33. Qa3 e4 34.
Ne1 Rxd8 35. Rxd8 Qc4 36. Bxg7 Rxg7 37. Qb2 Bg4 38. Rd6 Qxe2 39. Qxe2 Bxe2 40.
Re6 Bf3 41. gxf4 gxf4+ 42. Kf1 Bd1 43. Rxe4 f3 44. Nd3 Be2+ 45. Rxe2 fxe2+ 46.
Kxe2 Kg6 47. Ke3 Kf5 48. f3 Rg2 49. h3 Ra2 50. Nf2 Ra3+ 51. Nd3 Kg5 52. Ke4 Kh4
53. f4 Kh5 54. f5 Kg5 55. h4+ Kf6 56. Ne5 Rb3 57. Ng4+ Kg7 58. f6+ Kf7 59. Ke5
h5 60. Nh6+ Kg6 61. Nf5 Rxb4 62. Nd6 Rb1 63. f7 Re1+ 64. Kf4 Kg7 65. Kf5 Rc1
66. Ke6 Re1+ 67. Kf5 1/2-1/2

[Event "4NCL chT 1995/96 3rd"]
[Site "Various"]
[Date "1996.04.28"]
[Round "10.31"]
[White "Bell, Stephen"]
[Black "McDonald, Neil R"]
[Result "1-0"]
[WhiteElo "2350"]
[BlackElo "2450"]
[PlyCount "101"]
[EventDate "1995.11.25"]
[EventType "team-tourn"]
[EventRounds "13"]
[EventCountry "GBR"]
[SourceTitle "BritBase"]
[Source "britbase.info"]
[SourceDate "2021.07.30"]
[SourceVersion "1"]
[SourceVersionDate "2021.07.30"]
[SourceQuality "1"]
[WhiteTeam "Newcastle"]
[BlackTeam "Croydon 1859"]
[WhiteTeamCountry "ENG"]
[BlackTeamCountry "ENG"]

1. d4 d5 2. Nf3 Nf6 3. c4 c6 4. Nc3 e6 5. cxd5 exd5 6. Bg5 Bf5 7. Qb3 Qb6 8.
Qxb6 axb6 9. Bxf6 gxf6 10. e3 b5 11. Kd2 Nd7 12. Bd3 Be6 13. a4 bxa4 14. Rxa4
Rxa4 15. Nxa4 Kd8 16. Ra1 Kc7 17. Nc3 Nb6 18. b3 Kb8 19. Ne1 Nc8 20. Bf1 Nd6
21. Nd3 Ne4+ 22. Kc2 Rg8 23. g3 Bf5 24. Nxe4 Bxe4 25. Kc3 Bf5 26. b4 Bd6 27.
Ra2 Rc8 28. Nf4 b6 29. Bd3 Bxd3 30. Nxd3 Kb7 31. Kb3 Re8 32. Nc1 Rg8 33. Ne2
Rg5 34. h4 Rg8 35. Nc3 b5 36. Ne2 Re8 37. Nc1 Rg8 38. Nd3 Re8 39. Kc3 Re4 40.
Kd2 Re8 41. Ke2 Rg8 42. Kf3 Kb8 43. Re2 Kc7 44. Nc5 Bxc5 45. dxc5 Re8 46. e4 d4
47. Rd2 Rd8 48. Kf4 Ra8 49. Rxd4 Ra2 50. f3 Rc2 51. g4 1-0

[Event "4NCL chT 1995/96 3rd"]
[Site "Various"]
[Date "1996.04.28"]
[Round "10.32"]
[White "Harley, Andrew D"]
[Black "Storey, Charles"]
[Result "0-1"]
[WhiteElo "2270"]
[BlackElo "2215"]
[PlyCount "74"]
[EventDate "1995.11.25"]
[EventType "team-tourn"]
[EventRounds "13"]
[EventCountry "GBR"]
[SourceTitle "BritBase"]
[Source "britbase.info"]
[SourceDate "2021.07.30"]
[SourceVersion "1"]
[SourceVersionDate "2021.07.30"]
[SourceQuality "1"]
[WhiteTeam "Croydon 1859"]
[BlackTeam "Newcastle"]
[WhiteTeamCountry "ENG"]
[BlackTeamCountry "ENG"]

1. e4 c5 2. c3 Nf6 3. e5 Nd5 4. d4 cxd4 5. Nf3 b6 6. cxd4 Bb7 7. Bd3 e6 8. O-O
Na6 9. Nc3 Nab4 10. Bb1 Nxc3 11. bxc3 Nd5 12. Qb3 Nc7 13. c4 d5 14. c5 Ba6 15.
cxb6 axb6 16. Re1 Qd7 17. a4 Be7 18. Ba3 Bxa3 19. Rxa3 Bc4 20. Qxb6 Nb5 21. Ra1
Nc3 22. Qb4 Ne2+ 23. Kh1 g5 24. Nxg5 Nxd4 25. Nxh7 O-O-O 26. Nf6 Qc7 27. Ba2
Nc2 28. Qb2 Nxa1 29. Rxa1 Bxa2 30. Rxa2 Rh4 31. g4 Rdh8 32. Qd2 Rxh2+ 33. Kg1
Rh1+ 34. Kg2 R8h2+ 35. Kf3 Rc1 36. Qf4 Qc3+ 37. Qe3 Rh3+ 0-1

[Event "4NCL chT 1995/96 3rd"]
[Site "Various"]
[Date "1996.04.28"]
[Round "10.33"]
[White "Wall, Tim"]
[Black "Wilson, Jonathan G"]
[Result "1-0"]
[WhiteElo "2250"]
[BlackElo "2320"]
[PlyCount "79"]
[EventDate "1995.11.25"]
[EventType "team-tourn"]
[EventRounds "13"]
[EventCountry "GBR"]
[SourceTitle "BritBase"]
[Source "britbase.info"]
[SourceDate "2021.07.30"]
[SourceVersion "1"]
[SourceVersionDate "2021.07.30"]
[SourceQuality "1"]
[WhiteTeam "Newcastle"]
[BlackTeam "Croydon 1859"]
[WhiteTeamCountry "ENG"]
[BlackTeamCountry "ENG"]

1. e4 c5 2. d3 e6 3. f4 Nc6 4. Nf3 d5 5. Be2 dxe4 6. dxe4 Qxd1+ 7. Bxd1 Nf6 8.
Nc3 a6 9. a4 b6 10. O-O Bb7 11. e5 Nd7 12. Be3 Be7 13. Bf2 h6 14. Re1 g5 15.
Bg3 g4 16. Nh4 Nd4 17. Ne4 Bxe4 18. Rxe4 Nf5 19. Nxf5 exf5 20. Re1 Nf8 21. c3
h5 22. Bc2 h4 23. Bf2 Rh5 24. Rad1 Ne6 25. Be3 Rd8 26. Rxd8+ Kxd8 27. Rd1+ Kc7
28. Bd3 a5 29. Bb5 Nf8 30. Kf2 Rh6 31. Rd5 Rh7 32. Ke2 Rh6 33. Kd3 h3 34. g3
Re6 35. Be8 f6 36. Bf7 Rc6 37. Kc4 Bd8 38. Kb5 Be7 39. b3 Bd8 40. Rxd8 1-0

[Event "4NCL chT 1995/96 3rd"]
[Site "Various"]
[Date "1996.04.28"]
[Round "10.34"]
[White "Gormally, Daniel"]
[Black "Ledger, Dave J"]
[Result "1-0"]
[WhiteElo "2265"]
[BlackElo "2270"]
[PlyCount "79"]
[EventDate "1995.11.25"]
[EventType "team-tourn"]
[EventRounds "13"]
[EventCountry "GBR"]
[SourceTitle "BritBase"]
[Source "britbase.info"]
[SourceDate "2021.07.30"]
[SourceVersion "1"]
[SourceVersionDate "2021.07.30"]
[SourceQuality "1"]
[WhiteTeam "Croydon 1859"]
[BlackTeam "Newcastle"]
[WhiteTeamCountry "ENG"]
[BlackTeamCountry "ENG"]

1. d4 Nf6 2. c4 g6 3. Nc3 Bg7 4. e4 d6 5. f4 O-O 6. Nf3 c5 7. d5 Bg4 8. Be2 e6
9. O-O exd5 10. cxd5 Re8 11. h3 Bxf3 12. Bxf3 Na6 13. Re1 Nd7 14. Be3 Rb8 15.
a4 Nb4 16. Qd2 a6 17. a5 b6 18. axb6 Nxb6 19. Be2 f5 20. e5 dxe5 21. Bxc5 Nd7
22. Be3 exf4 23. Bxf4 Qb6+ 24. Kh1 Rbc8 25. d6 Qd4 26. Qxd4 Bxd4 27. Bc4+ Kg7
28. Bxa6 Rxe1+ 29. Rxe1 Nxa6 30. Re7+ Kg8 31. Rxd7 Nc5 32. Rc7 Rd8 33. Nb5 Bf2
34. Be5 Re8 35. Bd4 Bg3 36. Bxc5 Re1+ 37. Bg1 Rd1 38. Rc3 f4 39. Nd4 Kf7 40.
Rc7+ 1-0

[Event "4NCL chT 1995/96 3rd"]
[Site "Various"]
[Date "1996.04.28"]
[Round "10.41"]
[White "Povah, Nigel Edward"]
[Black "Cummings, David H"]
[Result "1-0"]
[WhiteElo "2360"]
[BlackElo "2350"]
[PlyCount "95"]
[EventDate "1995.11.25"]
[EventType "team-tourn"]
[EventRounds "13"]
[EventCountry "GBR"]
[SourceTitle "BritBase"]
[Source "britbase.info"]
[SourceDate "2021.07.30"]
[SourceVersion "1"]
[SourceVersionDate "2021.07.30"]
[SourceQuality "1"]
[WhiteTeam "Guildford"]
[BlackTeam "South Wales Dragons"]
[WhiteTeamCountry "ENG"]
[BlackTeamCountry "ENG"]

1. d4 d5 2. c4 c6 3. Nf3 Nf6 4. Nc3 a6 5. a4 g6 6. Bg5 Ne4 7. Bf4 Bg7 8. e3 O-O
9. Qb3 dxc4 10. Bxc4 Nd6 11. Bd3 Be6 12. Qd1 a5 13. h4 c5 14. h5 Nd7 15. hxg6
hxg6 16. Qe2 Bg4 17. d5 c4 18. Bb1 Nc5 19. Bxd6 exd6 20. Qxc4 Bxf3 21. gxf3 Rc8
22. Bc2 Na6 23. Qb3 Nb4 24. Rc1 Qf6 25. Ke2 Rfe8 26. Bb1 Qe5 27. Rcd1 Rc5 28.
Rh4 f5 29. Rg1 Kf7 30. f4 Qf6 31. Rh3 Rh8 32. Rxh8 Bxh8 33. Rd1 Qh4 34. Rg1
Qh5+ 35. Ke1 Qf3 36. Rg3 Qh1+ 37. Ke2 Qc1 38. e4 Qxf4 39. exf5 g5 40. Rf3 Qg4
41. Ne4 Rc7 42. f6 Kf8 43. Nxd6 Bxf6 44. Ne4 Re7 45. Kf1 Qh4 46. Rxf6+ Kg7 47.
Qf3 Nxd5 48. Rg6+ 1-0

[Event "4NCL chT 1995/96 3rd"]
[Site "Various"]
[Date "1996.04.28"]
[Round "10.42"]
[White "James, David J"]
[Black "Ferguson, Mark"]
[Result "1/2-1/2"]
[WhiteElo "2265"]
[BlackElo "2360"]
[PlyCount "39"]
[EventDate "1995.11.25"]
[EventType "team-tourn"]
[EventRounds "13"]
[EventCountry "GBR"]
[SourceTitle "BritBase"]
[Source "britbase.info"]
[SourceDate "2021.07.30"]
[SourceVersion "1"]
[SourceVersionDate "2021.07.30"]
[SourceQuality "1"]
[WhiteTeam "South Wales Dragons"]
[BlackTeam "Guildford"]
[WhiteTeamCountry "ENG"]
[BlackTeamCountry "ENG"]

1. d4 d5 2. c4 c6 3. Nf3 Nf6 4. Nc3 e6 5. Bg5 h6 6. Bxf6 Qxf6 7. e3 Nd7 8. cxd5
exd5 9. Bd3 g6 10. O-O Bg7 11. Qc2 O-O 12. Rfc1 Qd6 13. Rab1 b6 14. e4 Bb7 15.
exd5 cxd5 16. Nb5 Qe7 17. Re1 Qd8 18. Nd6 Qb8 19. Nxb7 Qxb7 20. Rbc1 1/2-1/2

[Event "4NCL chT 1995/96 3rd"]
[Site "Various"]
[Date "1996.04.28"]
[Round "10.43"]
[White "Kennaugh, Charles"]
[Black "Spice, Alan P"]
[Result "1/2-1/2"]
[WhiteElo "2290"]
[BlackElo "2190"]
[PlyCount "119"]
[EventDate "1995.11.25"]
[EventType "team-tourn"]
[EventRounds "13"]
[EventCountry "GBR"]
[SourceTitle "BritBase"]
[Source "britbase.info"]
[SourceDate "2021.07.30"]
[SourceVersion "1"]
[SourceVersionDate "2021.07.30"]
[SourceQuality "1"]
[WhiteTeam "Guildford"]
[BlackTeam "South Wales Dragons"]
[WhiteTeamCountry "ENG"]
[BlackTeamCountry "ENG"]

1. e4 e6 2. d4 d5 3. Nc3 Nf6 4. e5 Nfd7 5. Nf3 c5 6. dxc5 Nc6 7. Bb5 Bxc5 8.
O-O O-O 9. Na4 Be7 10. Re1 a6 11. Bxc6 bxc6 12. c4 Rb8 13. Nd4 Bb7 14. cxd5
cxd5 15. Qg4 Kh8 16. Bf4 Nc5 17. Nxc5 Bxc5 18. Be3 Qb6 19. Nb3 Bxe3 20. Rxe3 f6
21. Qd4 Qxd4 22. Nxd4 Bc8 23. b3 Re8 24. a3 Kg8 25. Rc1 Bd7 26. f4 fxe5 27.
Rxe5 Rbc8 28. Rce1 Kf7 29. R1e3 Rc1+ 30. Kf2 Rd1 31. Nf3 h6 32. Re1 Rxe1 33.
Kxe1 Ke7 34. Kd2 Kd6 35. h4 a5 36. Nd4 Rc8 37. Re3 Rf8 38. g3 Re8 39. Nf3 Rc8
40. Rc3 Rxc3 41. Kxc3 Kc5 42. b4+ axb4+ 43. axb4+ Kd6 44. Kd4 Be8 45. Nd2 Bg6
46. Nb3 Be8 47. Nc1 g5 48. Ne2 gxh4 49. gxh4 Bd7 50. Nc3 Kc6 51. Ke5 Bc8 52. f5
exf5 53. Nxd5 Kb5 54. Ne7 Bd7 55. Nxf5 h5 56. Kf6 Kxb4 57. Kg5 Kc5 58. Ng7 Bg4
59. Nxh5 Bd1 60. Nf6 1/2-1/2

[Event "4NCL chT 1995/96 3rd"]
[Site "Various"]
[Date "1996.04.28"]
[Round "10.44"]
[White "Smith, Jeff R"]
[Black "Abayasekera, Roger"]
[Result "0-1"]
[WhiteElo "2225"]
[BlackElo "2250"]
[PlyCount "80"]
[EventDate "1995.11.25"]
[EventType "team-tourn"]
[EventRounds "13"]
[EventCountry "GBR"]
[SourceTitle "BritBase"]
[Source "britbase.info"]
[SourceDate "2021.07.30"]
[SourceVersion "1"]
[SourceVersionDate "2021.07.30"]
[SourceQuality "1"]
[WhiteTeam "South Wales Dragons"]
[BlackTeam "Guildford"]
[WhiteTeamCountry "ENG"]
[BlackTeamCountry "ENG"]

1. e4 c5 2. Nc3 Nc6 3. g3 g6 4. Bg2 Bg7 5. d3 d6 6. f4 e6 7. Nf3 Nge7 8. O-O
O-O 9. Be3 Nd4 10. Qd2 Rb8 11. Nd1 b6 12. c3 Nxf3+ 13. Bxf3 Bb7 14. d4 f5 15.
Nf2 Qc7 16. Rad1 Rbd8 17. Qe2 Rfe8 18. Rfe1 Qc8 19. Qf1 Qa8 20. Qg2 Kh8 21. Rd2
cxd4 22. cxd4 Rc8 23. Qf1 fxe4 24. Bd1 Bd5 25. Qg2 Nf5 26. Bc2 Nxe3 27. Rxe3
Rxc2 28. Rxc2 Bxd4 29. Nd1 Rc8 30. Qd2 Bxe3+ 31. Nxe3 Rxc2 32. Qxc2 Qc6 33. Qd2
Kg8 34. b3 a5 35. Kg2 Qc5 36. Kh3 Bc6 37. g4 d5 38. g5 d4 39. Nc4 e3 40. Qe2
Bb5 0-1

[Event "4NCL chT 1995/96 3rd"]
[Site "Various"]
[Date "1996.04.28"]
[Round "10.45"]
[White "Bisby, Daniel L"]
[Black "Williams, Leighton"]
[Result "1/2-1/2"]
[WhiteElo "2165"]
[BlackElo "2110"]
[PlyCount "49"]
[EventDate "1995.11.25"]
[EventType "team-tourn"]
[EventRounds "13"]
[EventCountry "GBR"]
[SourceTitle "BritBase"]
[Source "britbase.info"]
[SourceDate "2021.07.30"]
[SourceVersion "1"]
[SourceVersionDate "2021.07.30"]
[SourceQuality "1"]
[WhiteTeam "Guildford"]
[BlackTeam "South Wales Dragons"]
[WhiteTeamCountry "ENG"]
[BlackTeamCountry "ENG"]

1. e4 c5 2. Nc3 Nc6 3. Nge2 Nf6 4. d4 cxd4 5. Nxd4 e5 6. Ndb5 d6 7. Bg5 a6 8.
Na3 b5 9. Nd5 Be7 10. Bxf6 Bxf6 11. c3 Bg5 12. Nc2 Rb8 13. Be2 O-O 14. Nce3 g6
15. h4 Bxh4 16. Qd3 b4 17. Ng4 bxc3 18. Qxc3 Nd4 19. Qh3 h5 20. Qxh4 Qxh4 21.
Rxh4 hxg4 22. Bd3 Rxb2 23. O-O-O Rxa2 24. Kb1 Ra5 25. Rdh1 1/2-1/2

[Event "4NCL chT 1995/96 3rd"]
[Site "Various"]
[Date "1996.04.28"]
[Round "10.46"]
[White "Martin, David"]
[Black "Forster, Michael"]
[Result "0-1"]
[WhiteElo "2155"]
[BlackElo "2300"]
[PlyCount "62"]
[EventDate "1995.11.25"]
[EventType "team-tourn"]
[EventRounds "13"]
[EventCountry "GBR"]
[SourceTitle "BritBase"]
[Source "britbase.info"]
[SourceDate "2021.07.30"]
[SourceVersion "1"]
[SourceVersionDate "2021.07.30"]
[SourceQuality "1"]
[WhiteTeam "South Wales Dragons"]
[BlackTeam "Guildford"]
[WhiteTeamCountry "ENG"]
[BlackTeamCountry "ENG"]

1. d4 Nf6 2. c4 g6 3. Nc3 Bg7 4. e4 d6 5. Be2 O-O 6. Nf3 e5 7. O-O Nc6 8. d5
Ne7 9. Ne1 Nd7 10. f3 f5 11. g4 Kh8 12. Be3 Ng8 13. Qd2 a5 14. Nd3 b6 15. a3
Nc5 16. Qd1 Bh6 17. Bxh6 Nxh6 18. h3 Nxd3 19. Bxd3 Qh4 20. Kg2 fxg4 21. hxg4
Nxg4 22. fxg4 Bxg4 23. Qd2 Qh3+ 24. Kg1 Bf3 25. Qh2 Qg4+ 26. Kf2 Be2+ 27. Ke3
Rf3+ 28. Rxf3 Qxf3+ 29. Kd2 Qxd3+ 30. Ke1 Bg4 31. Qd2 Qh3 0-1

[Event "4NCL chT 1995/96 3rd"]
[Site "Various"]
[Date "1996.04.28"]
[Round "10.47"]
[White "Anderton, Matthew N"]
[Black "Saunders, W Nigel R"]
[Result "1-0"]
[WhiteElo "2145"]
[BlackElo "2130"]
[PlyCount "61"]
[EventDate "1995.11.25"]
[EventType "team-tourn"]
[EventRounds "13"]
[EventCountry "GBR"]
[SourceTitle "BritBase"]
[Source "britbase.info"]
[SourceDate "2021.07.30"]
[SourceVersion "1"]
[SourceVersionDate "2021.07.30"]
[SourceQuality "1"]
[WhiteTeam "Guildford"]
[BlackTeam "South Wales Dragons"]
[WhiteTeamCountry "ENG"]
[BlackTeamCountry "ENG"]

1. e4 g6 2. d4 Bg7 3. Nc3 d6 4. Bg5 c6 5. Qd2 b5 6. f4 Nd7 7. Nf3 Nb6 8. Bd3
Qc7 9. O-O Bg4 10. Ne2 Nf6 11. h3 Bxf3 12. Rxf3 Nc4 13. Qc3 O-O 14. Bxf6 Bxf6
15. Bxc4 bxc4 16. e5 Bg7 17. Qxc4 Rab8 18. Rb3 c5 19. Kh1 g5 20. Rg3 Rxb2 21.
Rxg5 Kh8 22. Ng3 Rb4 23. Qc3 f6 24. Rh5 Rxd4 25. Nf5 Rxf4 26. Nxg7 fxe5 27. Ne6
Rf1+ 28. Kh2 Qc8 29. Nxf8 Qxf8 30. Rxf1 Qxf1 31. Rg5 {(n.b. Black wrongly
recorded as 'John C Saunders' by CB Mega Database 2022)} 1-0

[Event "4NCL chT 1995/96 3rd"]
[Site "Various"]
[Date "1996.04.28"]
[Round "10.52"]
[White "Hanreck, Alan E"]
[Black "Wall, Gavin"]
[Result "1/2-1/2"]
[WhiteElo "2255"]
[BlackElo "2265"]
[PlyCount "35"]
[EventDate "1995.11.25"]
[EventType "team-tourn"]
[EventRounds "13"]
[EventCountry "GBR"]
[SourceTitle "BritBase"]
[Source "britbase.info"]
[SourceDate "2021.07.30"]
[SourceVersion "1"]
[SourceVersionDate "2021.07.30"]
[SourceQuality "1"]
[WhiteTeam "Hertford"]
[BlackTeam "Richmond"]
[WhiteTeamCountry "ENG"]
[BlackTeamCountry "ENG"]

1. d4 f5 2. Bg5 g6 3. Nc3 Nh6 4. e4 Nf7 5. Be3 fxe4 6. Nxe4 Bg7 7. Nf3 O-O 8.
h4 d5 9. Neg5 Bg4 10. Be2 Nxg5 11. Nxg5 Bxe2 12. Qxe2 Qd6 13. O-O-O h6 14. Nf3
Nd7 15. Qd2 Kh7 16. Qd3 Qa6 17. Qxa6 bxa6 18. Rd3 1/2-1/2

[Event "4NCL chT 1995/96 3rd"]
[Site "Various"]
[Date "1996.04.28"]
[Round "10.53"]
[White "Trifunovic, Aleksandar"]
[Black "Duncan, Christopher R"]
[Result "1/2-1/2"]
[WhiteElo "2225"]
[BlackElo "2325"]
[PlyCount "32"]
[EventDate "1995.11.25"]
[EventType "team-tourn"]
[EventRounds "13"]
[EventCountry "GBR"]
[SourceTitle "BritBase"]
[Source "britbase.info"]
[SourceDate "2021.07.30"]
[SourceVersion "1"]
[SourceVersionDate "2021.07.30"]
[SourceQuality "1"]
[WhiteTeam "Richmond"]
[BlackTeam "Hertford"]
[WhiteTeamCountry "ENG"]
[BlackTeamCountry "ENG"]

1. d4 d5 2. c4 dxc4 3. Nf3 Nf6 4. Nc3 c5 5. d5 e6 6. e4 exd5 7. e5 Nfd7 8. Bg5
Be7 9. Bxe7 Qxe7 10. Nxd5 Qd8 11. Bxc4 Nc6 12. Qe2 Qa5+ 13. b4 Nxb4 14. O-O Nf8
15. Bb5+ Nc6 16. Ng5 Be6 1/2-1/2

[Event "4NCL chT 1995/96 3rd"]
[Site "Various"]
[Date "1996.04.28"]
[Round "10.54"]
[White "Swanson, Stephen"]
[Black "Franklin, Michael J"]
[Result "0-1"]
[WhiteElo "2250"]
[BlackElo "2280"]
[PlyCount "66"]
[EventDate "1995.11.25"]
[EventType "team-tourn"]
[EventRounds "13"]
[EventCountry "GBR"]
[SourceTitle "BritBase"]
[Source "britbase.info"]
[SourceDate "2021.07.30"]
[SourceVersion "1"]
[SourceVersionDate "2021.07.30"]
[SourceQuality "1"]
[WhiteTeam "Hertford"]
[BlackTeam "Richmond"]
[WhiteTeamCountry "ENG"]
[BlackTeamCountry "ENG"]

1. e4 c5 2. Nf3 a6 3. c3 d6 4. g3 Nd7 5. Bg2 e6 6. O-O Ne7 7. d3 Ng6 8. a4 Be7
9. Na3 O-O 10. Nc2 Rb8 11. h4 b5 12. axb5 axb5 13. d4 Bf6 14. Qe2 Qc7 15. Ne3
b4 16. h5 Ne7 17. Ng4 e5 18. dxc5 dxc5 19. Bh3 Kh8 20. Rd1 Ng8 21. Ne3 Ne7 22.
Nc4 Nb6 23. Bxc8 Nexc8 24. Be3 Nxc4 25. Qxc4 Be7 26. Qd5 f6 27. h6 g6 28. Qe6
Rb6 29. Qd7 Rc6 30. Ra8 Rd8 31. Rxc8 Qxc8 32. Qxe7 Rxd1+ 33. Kg2 Rd7 0-1

[Event "4NCL chT 1995/96 3rd"]
[Site "Various"]
[Date "1996.04.28"]
[Round "10.55"]
[White "Beake, Ben"]
[Black "Byway, Paul V"]
[Result "0-1"]
[WhiteElo "2265"]
[BlackElo "2240"]
[PlyCount "44"]
[EventDate "1995.11.25"]
[EventType "team-tourn"]
[EventRounds "13"]
[EventCountry "GBR"]
[SourceTitle "BritBase"]
[Source "britbase.info"]
[SourceDate "2021.07.30"]
[SourceVersion "1"]
[SourceVersionDate "2021.07.30"]
[SourceQuality "1"]
[WhiteTeam "Richmond"]
[BlackTeam "Hertford"]
[WhiteTeamCountry "ENG"]
[BlackTeamCountry "ENG"]

1. d4 e6 2. Nc3 d5 3. Nf3 Nf6 4. Bg5 Be7 5. e3 c5 6. Bd3 Nc6 7. O-O h6 8. Bh4
O-O 9. h3 a6 10. dxc5 Nd7 11. Bxe7 Qxe7 12. e4 d4 13. Ne2 Qxc5 14. c3 dxc3 15.
Nxc3 Nde5 16. Nxe5 Nxe5 17. Qe2 Bd7 18. Rfd1 Bc6 19. Rac1 Ng6 20. g3 Rad8 21.
a3 Qg5 22. Qg4 Rxd3 0-1